[Event "EU-ch Rapid"]
[Site "Katowice"]
[Date "2022.12.17"]
[Round "2"]
[White "Hjartarson, Johann"]
[Black "Radzikowski, Dawid"]
[Result "0-1"]
[WhiteElo "2476"]
[BlackElo "2007"]
[PlyCount "100"]
[EventDate "2022.12.17"]
[EventType "swiss (rapid)"]
[EventRounds "11"]
[EventCountry "POL"]
[SourceTitle "CBM 211 Extra"]
[Source "ChessBase"]
[SourceDate "2023.01.31"]
[SourceVersion "1"]
[SourceVersionDate "2023.01.31"]
[SourceQuality "1"]

1. c4 e5 2. g3 Nc6 3. Bg2 d6 4. Nc3 Be6 5. d3 Qd7 6. Rb1 g6 7. b4 Bg7 8. b5 Nd8 9. a4 Rc8 10. e3 Ne7 11. Nd5 h6 12. Ba3 0-0 13. Nxe7+ Qxe7 14. Ne2 f5 15. 0-0 g5 16. Nc3 f4 17. a5 Qd7 18. Ne4 Bh3 19. b6 Bxg2 20. Kxg2 f3+ 21. Kh1 axb6 22. axb6 c5 23. Rg1 g4 24. Nc3 Ra8 25. Bc1 Ne6 26. Nd5 Ng5 27. Qc2 Ra6 28. e4 Nh3 29. Rf1 Rfa8 30. Nc7 Ra2 31. Rb2 Qa4 32. Rxa2 Qxa2 33. Bb2 Ra3 34. Qd2 Rb3 35. Bc1 Qxd2 36. Bxd2 Rxb6 37. Be3 Rb3 38. Rd1 Bf6 39. Nd5 Bg5 40. Rf1 Bxe3 41. fxe3 Rxd3 42. Nf6+ Kg7 43. Nd5 Nf2+ 44. Kg1 Nxe4 45. Rb1 Kg6 46. Ne7+ Kg5 47. Nd5 h5 48. Ra1 h4 49. gxh4+ Kxh4 50. Ne7 Rc3 0-1

[Event "Zabrze Mayor's Cup 34th"]
[Site "Zabrze"]
[Date "2011.09.27"]
[Round "7"]
[White "Radzikowski, Dawid"]
[Black "Gromada, Andrzej"]
[Result "1-0"]
[WhiteElo "2019"]
[BlackElo "1989"]
[PlyCount "79"]
[EventDate "2011.09.23"]
[EventType "swiss"]
[EventRounds "10"]
[EventCountry "POL"]
[SourceTitle "CBM 144 Extra"]
[Source "ChessBase"]
[SourceDate "2011.10.28"]
[SourceVersion "1"]
[SourceVersionDate "2011.10.28"]
[SourceQuality "1"]

1. e4 c5 2. Nc3 d6 3. d3 g6 4. Be3 Nc6 5. Qd2 Bg7 6. g3 Nd4 7. Bg2 Rb8 8. Nd1 Nf6 9. c3 Nc6 10. Bh6 Bxh6 11. Qxh6 e5 12. h3 Be6 13. Ne2 b6 14. 0-0 Ng8 15. Qg7 Qf6 16. Qxf6 Nxf6 17. f4 Ke7 18. Ne3 Bc8 19. Rf2 Ba6 20. Rd1 Rhf8 21. Nc1 Rbe8 22. Rdf1 Nh5 23. Kh2 Kd8 24. h4 Rh8 25. f5 Reg8 26. fxg6 fxg6 27. Rf7 Re8 28. Bh3 Ne7 29. Nd5 Bb5 30. c4 Bc6 31. Ne2 Bxd5 32. exd5 Reg8 33. Nc3 Rg7 34. Rf8+ Rxf8 35. Rxf8+ Kc7 36. Nb5+ Kb7 37. Nxd6+ Ka6 38. Ne8 Rg8 39. Rxg8 Nxg8 40. d6 1-0

[Event "Chorzow op 45th"]
[Site "Chorzow"]
[Date "2009.04.02"]
[Round "6"]
[White "Radzikowski, Dawid"]
[Black "Moryson, Adrian"]
[Result "1-0"]
[WhiteElo "1953"]
[BlackElo "1897"]
[PlyCount "65"]
[EventDate "2009.03.28"]
[EventType "swiss"]
[EventRounds "9"]
[EventCountry "POL"]
[SourceTitle "CBM 129 Extra"]
[Source "ChessBase"]
[SourceDate "2009.05.05"]
[SourceVersion "2"]
[SourceVersionDate "2009.05.20"]
[SourceQuality "1"]

1. e4 d6 2. d4 Nf6 3. Nc3 g6 4. Bg5 Bg7 5. e5 dxe5 6. dxe5 Qxd1+ 7. Rxd1 Ng4 8. h3 Bxe5 9. hxg4 Bxg4 10. Be2 Bf5 11. Bh6 Bxc2 12. Rd2 Bf5 13. Nf3 Bd6 14. Nd4 Nd7 15. Nxf5 gxf5 16. Bg7 Rg8 17. Rxh7 0-0-0 18. Kf1 a6 19. Bh5 Ne5 20. Bxe5 Bxe5 21. Rxd8+ Rxd8 22. Bxf7 Rd2 23. Nd5 Bd6 24. Be6+ Kb8 25. Nxe7 Bb4 26. Rh8+ Ka7 27. Nc8+ Kb8 28. Bxf5 Rxb2 29. a4 c5 30. g4 Bd2 31. Nb6+ Ka7 32. Nc4 Bc3 33. Rh3 1-0

[Event "Chorzow op 45th"]
[Site "Chorzow"]
[Date "2009.03.30"]
[Round "3"]
[White "Krzempek, Krystian"]
[Black "Radzikowski, Dawid"]
[Result "1-0"]
[WhiteElo "1767"]
[BlackElo "1953"]
[PlyCount "83"]
[EventDate "2009.03.28"]
[EventType "swiss"]
[EventRounds "9"]
[EventCountry "POL"]
[SourceTitle "CBM 129 Extra"]
[Source "ChessBase"]
[SourceDate "2009.05.05"]
[SourceVersion "2"]
[SourceVersionDate "2009.05.20"]
[SourceQuality "1"]

1. d4 Nf6 2. Bg5 Ne4 3. Bf4 f5 4. Nd2 d5 5. Nxe4 fxe4 6. e3 Be6 7. c3 Nd7 8. Ne2 Bf7 9. Qb3 e5 10. Bxe5 Nxe5 11. dxe5 Be7 12. Nf4 Qc8 13. Nxd5 Bg5 14. e6 Bh5 15. Nxc7+ Qxc7 16. Qb5+ Kf8 17. Qxg5 Bg6 18. Rd1 Re8 19. Rd7 Qc6 20. e7+ Kg8 21. Bb5 Qb6 22. Bc4+ Bf7 23. Bxf7+ Kxf7 24. Qd5+ Qe6 25. Qxe6+ Kxe6 26. Rxb7 Rxe7 27. Rxe7+ Kxe7 28. Ke2 Rb8 29. b3 Rc8 30. c4 Rc6 31. Rd1 Ra6 32. Rd2 Ke6 33. f3 Ra3 34. fxe4 a5 35. c5 a4 36. c6 axb3 37. c7 Ra8 38. Rd8 b2 39. Rxa8 b1Q 40. c8Q+ Kf7 41. Qf5+ Ke7 42. Ra7+ 1-0

[Event "Chorzow op 45th"]
[Site "Chorzow"]
[Date "2009.03.28"]
[Round "1"]
[White "Faron, Rafal"]
[Black "Radzikowski, Dawid"]
[Result "1-0"]
[WhiteElo "1707"]
[BlackElo "1953"]
[PlyCount "55"]
[EventDate "2009.03.28"]
[EventType "swiss"]
[EventRounds "9"]
[EventCountry "POL"]
[SourceTitle "CBM 129 Extra"]
[Source "ChessBase"]
[SourceDate "2009.05.05"]
[SourceVersion "2"]
[SourceVersionDate "2009.05.20"]
[SourceQuality "1"]

1. e4 e5 2. Nf3 Nc6 3. Bc4 Bc5 4. c3 Qe7 5. 0-0 d6 6. d4 Bb6 7. Ng5 Nd8 8. dxe5 dxe5 9. Kh1 f6 10. Nh3 Nf7 11. Qb3 Bxh3 12. gxh3 Ngh6 13. Rg1 Nd6 14. Bxh6 gxh6 15. Nd2 0-0-0 16. Rg2 Kb8 17. a4 f5 18. a5 Bc5 19. Bd5 Ka8 20. Rag1 c6 21. Rg7 Qf6 22. Nc4 Nb5 23. Rf7 Qh4 24. Rxb7 Kxb7 25. Qxb5+ Bb6 26. Qxc6+ Ka6 27. axb6 Rxd5 28. b7# 1-0

[Event "Chorzow Bak Memorial op"]
[Site "Chorzow"]
[Date "2008.11.16"]
[Round "2"]
[White "Pinkas, Karol"]
[Black "Radzikowski, Dawid"]
[Result "1-0"]
[WhiteElo "2334"]
[BlackElo "1961"]
[PlyCount "99"]
[EventDate "2008.11.15"]
[EventType "swiss"]
[EventRounds "9"]
[EventCountry "POL"]
[SourceTitle "EXT 2010"]
[Source "ChessBase"]
[SourceDate "2010.11.25"]
[SourceVersion "1"]
[SourceVersionDate "2010.11.25"]
[SourceQuality "1"]

1. e4 e5 2. Nf3 Nc6 3. Bb5 a6 4. Ba4 Nf6 5. 0-0 Nxe4 6. d4 exd4 7. Re1 d5 8. Nxd4 Bd6 9. Nxc6 Bxh2+ 10. Kh1 Qh4 11. Rxe4+ dxe4 12. Qd8+ Qxd8 13. Nxd8+ Kxd8 14. Kxh2 h6 15. Nc3 c5 16. Bb3 f5 17. Na4 g5 18. Be3 b5 19. Nxc5 Ke7 20. a4 Rd8 21. c3 b4 22. a5 bxc3 23. bxc3 Rb8 24. Bd4 Bd7 25. Re1 Be8 26. f3 Bf7 27. Bxf7 Kxf7 28. fxe4 fxe4 29. Nxa6 Rb5 30. Nc5 Rd5 31. Rf1+ Ke7 32. Bf6+ Ke8 33. c4 Rbxc5 34. cxd5 Rxa5 35. d6 h5 36. Re1 Kd7 37. Be7 Ra4 38. Re2 h4 39. Bxg5 Kxd6 40. Bxh4 Ke5 41. Kh3 Ra3+ 42. Kg4 Ra8 43. Bg5 Rg8 44. Ra2 Kd4 45. Ra7 Ke5 46. Re7+ Kd5 47. Kf5 Ra8 48. Re5+ Kd6 49. Rxe4 Ra5+ 50. Kf6 1-0

[Event "Chorzow op"]
[Site "Chorzow"]
[Date "2008.04.04"]
[Round "9"]
[White "Radzikowski, Dawid"]
[Black "Karcz, Bartlomiej"]
[Result "1-0"]
[WhiteElo "1922"]
[BlackElo "1797"]
[PlyCount "51"]
[EventDate "2008.03.29"]
[EventType "swiss"]
[EventRounds "9"]
[EventCountry "POL"]
[SourceTitle "EXT 2010"]
[Source "ChessBase"]
[SourceDate "2010.11.25"]
[SourceVersion "1"]
[SourceVersionDate "2010.11.25"]
[SourceQuality "1"]

1. e4 e5 2. Bc4 Nf6 3. Nc3 Bc5 4. d3 Nc6 5. Bg5 h6 6. Bh4 0-0 7. Qd2 Nd4 8. Nd5 Be7 9. Nxe7+ Qxe7 10. c3 Nc6 11. Ne2 d6 12. f4 exf4 13. Nxf4 g5 14. Ng6 Qe8 15. Nxf8 d5 16. Bxg5 hxg5 17. Qxg5+ Kxf8 18. Qh6+ Kg8 19. 0-0 dxc4 20. Rxf6 Ne5 21. Qg5+ Ng6 22. h4 Kh8 23. Raf1 Be6 24. h5 Nf8 25. h6 Ng6 26. Rxg6 1-0

[Event "Chorzow op"]
[Site "Chorzow"]
[Date "2008.03.31"]
[Round "5"]
[White "Sroka, Janusz"]
[Black "Radzikowski, Dawid"]
[Result "1-0"]
[WhiteElo "2162"]
[BlackElo "1922"]
[PlyCount "63"]
[EventDate "2008.03.29"]
[EventType "swiss"]
[EventRounds "9"]
[EventCountry "POL"]
[SourceTitle "EXT 2010"]
[Source "ChessBase"]
[SourceDate "2010.11.25"]
[SourceVersion "1"]
[SourceVersionDate "2010.11.25"]
[SourceQuality "1"]

1. e4 e5 2. Nf3 Nc6 3. Bc4 Bc5 4. c3 Nf6 5. d3 a6 6. Nbd2 d6 7. Nf1 h6 8. Be3 Bxe3 9. Nxe3 Na5 10. Bb3 Nxb3 11. axb3 0-0 12. 0-0 Ng4 13. b4 f5 14. b5 a5 15. b4 Nxe3 16. fxe3 Bd7 17. bxa5 fxe4 18. dxe4 Be6 19. Qd3 Qe7 20. a6 Ra7 21. axb7 Rxb7 22. c4 c6 23. Ra6 cxb5 24. cxb5 Rf7 25. Rc1 Rxf3 26. gxf3 Qh4 27. Qxd6 Qg5+ 28. Kh1 Bh3 29. Rg1 Qh5 30. Qd8+ Kh7 31. Qf8 Qxf3+ 32. Qxf3 1-0

[Event "Chorzow op"]
[Site "Chorzow"]
[Date "2008.03.30"]
[Round "4"]
[White "Radzikowski, Dawid"]
[Black "Wieczorek, Zbigniew"]
[Result "0-1"]
[WhiteElo "1922"]
[BlackElo "2319"]
[PlyCount "80"]
[EventDate "2008.03.29"]
[EventType "swiss"]
[EventRounds "9"]
[EventCountry "POL"]
[SourceTitle "EXT 2010"]
[Source "ChessBase"]
[SourceDate "2010.11.25"]
[SourceVersion "1"]
[SourceVersionDate "2010.11.25"]
[SourceQuality "1"]

1. e4 g6 2. Nc3 Bg7 3. d3 c6 4. g3 d5 5. exd5 cxd5 6. d4 Nc6 7. Be3 e5 8. Bb5 e4 9. f3 exf3 10. Nxf3 Nge7 11. Qd2 Nf5 12. Bg5 f6 13. Ne5 Nfe7 14. Bh6 Bxh6 15. Qxh6 fxe5 16. dxe5 Nf5 17. Qf4 d4 18. 0-0-0 0-0 19. Ne4 Qd5 20. Nf6+ Rxf6 21. exf6 Qxb5 22. g4 Nb4 23. gxf5 Nxa2+ 24. Kd2 Qb4+ 25. Ke2 d3+ 26. Kf3 Qxf4+ 27. Kxf4 dxc2 28. Ra1 c1Q+ 29. Rhxc1 Nxc1 30. Rxc1 Bxf5 31. Rc7 Rd8 32. Rg7+ Kf8 33. Rxh7 Rd4+ 34. Ke5 Re4+ 35. Kd5 Rb4 36. h4 Rxb2 37. h5 gxh5 38. Rxh5 Bg6 39. Rh8+ Kf7 40. Ra8 a6 0-1

[Event "POL-chT3 Slaskie"]
[Site "Poland"]
[Date "2008.02.03"]
[Round "2.4"]
[White "Ozog, Leon"]
[Black "Radzikowski, Dawid"]
[Result "1-0"]
[WhiteElo "2141"]
[BlackElo "1922"]
[PlyCount "59"]
[EventDate "2008.02.03"]
[EventType "team-swiss"]
[EventRounds "9"]
[EventCountry "POL"]
[SourceTitle "EXT 2019"]
[Source "ChessBase"]
[SourceDate "2018.10.10"]
[SourceVersion "1"]
[SourceVersionDate "2018.10.10"]
[SourceQuality "1"]

1. e4 e5 2. Nf3 Nc6 3. Bb5 Nf6 4. Nc3 Bc5 5. 0-0 0-0 6. d3 d6 7. h3 Ne8 8. Bg5 f6 9. Bd2 Be6 10. Ne2 f5 11. Ng5 Bf7 12. Nxf7 Kxf7 13. Bc4+ Ke7 14. Bg5+ Nf6 15. Ng3 h6 16. Bxf6+ Rxf6 17. Nxf5+ Kf8 18. Qg4 g5 19. h4 Rg6 20. c3 Ne7 21. Qh5 gxh4 22. Nxe7 Rxg2+ 23. Kxg2 Qxe7 24. Qxh6+ Ke8 25. Qg6+ Kd8 26. f4 h3+ 27. Kh1 d5 28. Qg8+ Kd7 29. Qxd5+ Ke8 30. Qxe5 1-0